| 000 | 00457nam a22001697a 4500 | ||
|---|---|---|---|
| 999 |
_c6347 _d6345 |
||
| 005 | 20210825143803.0 | ||
| 008 | 200520b xxu||||| |||| 00| 0 eng d | ||
| 020 | _a978817473366 | ||
| 041 | _aeng | ||
| 082 | _a616 SIN | ||
| 100 |
_aSinha, Shradha Shukla Manisha and Others _95642 |
||
| 245 | _aA Textbook of environment and ecology for pharmacy Student | ||
| 260 |
_aDelhi _bAITBS PUBLISHERS |
||
| 300 | _a256p | ||
| 650 |
_aPharmacy _96635 |
||
| 942 | _cBK | ||